Premier League Appearances by Nationality: Paraguay - Statistics

General Stats
  • This quiz has been taken 6 times
  • The average score is 3 of 10
Answer Stats
Appearances Player % Correct
186 Miguel Almiron
100%
57 Julio Enciso
60%
86 Roque Santa Cruz
40%
83 Antolin Alcaraz
20%
12 Christian Riveros
20%
37 Diego Gomez
20%
20 Omar Alderete
20%
17 Paulo da Silva
20%
19 Ramon Sosa
20%
54 Fabian Valbuena
0%
No matching quizzes found
Score Distribution
Percent of People with Each Score
Percentile by Number Answered
Your Score History
You have not taken this quiz